5HLuxD.jpg

KING HENRY VIII SENIOR AND PRIMARY SCHOOL LIBRARY OPAC

Teacher's Manual : (Record no. 2846)

000 -LEADER
fixed length control field 00747nam a22002297a 4500
001 - CONTROL NUMBER
control field 014556061
003 - CONTROL NUMBER IDENTIFIER
control field Uk
005 - DATE AND TIME OF LATEST TRANSACTION
control field 20230823154632.0
008 - FIXED-LENGTH DATA ELEMENTS--GENERAL INFORMATION
fixed length control field 080228e200810uuxxk |r|||||||0|0 eng|d
020 ## - INTERNATIONAL STANDARD BOOK NUMBER
International Standard Book Number 9781424012770 (pbk.)
020 ## - INTERNATIONAL STANDARD BOOK NUMBER
International Standard Book Number 1424012775 (pbk.) :
040 ## - CATALOGING SOURCE
Original cataloging agency UK-WkNB
Language of cataloging eng
Transcribing agency UK-WkNB
Modifying agency KH8
082 ## - DEWEY DECIMAL CLASSIFICATION NUMBER
Classification number 400 WAR
100 1# - MAIN ENTRY--PERSONAL NAME
Personal name Waring, Rob,
Relator term author.
245 10 - TITLE STATEMENT
Title Teacher's Manual :
Remainder of title pre-intermediate 800 headwords A2 : footprint reading library /
Statement of responsibility, etc. Rob Waring.
260 ## - PUBLICATION, DISTRIBUTION, ETC.
Place of publication, distribution, etc. London :
Name of publisher, distributor, etc. Thomson ELT,
-- [distributor] Cengage Learning Services,
Date of publication, distribution, etc. c2008.
336 ## - CONTENT TYPE
Content type term text
Source rdacontent
337 ## - MEDIA TYPE
Media type term unmediated
Source rdamedia
338 ## - CARRIER TYPE
Carrier type term volume
Source rdacarrier
366 ## - TRADE AVAILABILITY INFORMATION
Detailed date of publication 20071000
Availability status code IP
ISO country code GB
MARC country code xxk
Identification of agency Thomson Learning
Source of availability status code UK-WkNB
942 ## - ADDED ENTRY ELEMENTS (KOHA)
Source of classification or shelving scheme
Koha item type Teaching Resources
Holdings
Withdrawn status Lost status Source of classification or shelving scheme Damaged status Not for loan Collection code Permanent Location Current Location Shelving location Date acquired Full call number Barcode Date last seen Price effective from Koha item type
          Teaching Resources KH8 Senior School Library KH8 Senior School Library Staff Office 2023-08-23 400 WAR TRKHSL002306 2023-08-23 2023-08-23 Teaching Resources

Powered By KH8 IT Dept